000
00289nam a22001337a 4500
008
171005b xxu||||| |||| 00| 0 eng d
020
_a
0134770013
041
_a
eng
080
_a
519.9
100
_a
48
101
_a
PSI
245
_a
THE ART OF INTIMACY
_c
MALONE,TH.P
942
_2
udc
_c
BK
999
_c
31855
_d
31855